00867nam a2200241 i 4500003000900000005001700009008004100026040004300067041000800110082002200118245012100140264004700261300002200308336002200330337002400352338003300376490006000409500000600469504004400475546002000519650002900539856005700568EG-GICUC20260218112656.0260218s1973 -us ||fr|||| 000 0 eng d aEG-GiCUCbengcEG-GiCUCdEG-GiCUCerda0 aeng04221a341.68073bFU04aFundamental Testaments Of The American Revolution :bPapers Presented At The Second Symposium, May 10 And 11, 1973. 1aWashington :bLibrary Of Congress,c1973. a119 pages,c24 cm 2rda contentatext 2rda mediaaComputer 2rda carrieraOnline Resource aLibrary Of Congress Symposia On The American Revolution a` aIncludes bibliographical references.  aText in English14aPublic international law40uhttps://fll.law.cu.edu.eg/fulltext/bks/B11-08075.pdf